The NHL Teams of Wendel Clark - Statistics

General Stats
  • This quiz has been taken 11 times
  • The average score is 5 of 6
Answer Stats
Years Answer % Correct
1985-1994, 1996-1998, 2000 Toronto Maple Leafs
100%
1999 Chicago Blackhawks
90%
1995-1996 New York Islanders
90%
1994-1995 Quebec Nordiques
90%
1998-1999 Tampa Bay Lightning
80%
1999 Detroit Red Wings
60%
No matching quizzes found
Score Distribution
Percent of People with Each Score
Percentile by Number Answered
Your Score History
You have not taken this quiz